000 01356nam0a22003251 4500
001 rc\4332705
005 20260406084025.0
021 _aRU
_b[65-59371]
035 _a(NLR Aleph) 008518813
090 _a8215337
_c8215337
100 _a20130416d1965 |||y0rusy50 ca
101 0 _arus
102 _aRU
105 _aab z |||||
200 1 _aГеография
_eДля 5 класса вспомогательных школ
210 _aМосква
_cПросвещение
_d1965
215 _a231 с., 2 л. ил.
_cил., карт.
_d22
300 _aНа переплете авт. не указаны
300 _aПеред загл. авт.: В.А. Грузинская, Т.И. Пороцкая, А.О. Скрябина
311 _aПрил.: Карты
421 0 _11010#$arus
_12001#$aКарты
_1215##$a10 с.
_tКарты
606 _aГеография
_jУчебники и пособия для вспомогательных школ
_2psbo
700 1 _7ca
_8rus
_aГрузинская
_bВ. А.
_f1889-1978
_gВера Алексеевна
_3RU\NLR\AUTH\770278697
_92650664
701 1 _aПороцкая
_bТ.И.
_gТатьяна Иосифовна
701 1 _aСкрябина
_bА.О.
_gАнна Осиповна
801 0 _aRU
_bNLR
_gpsbo
801 1 _aRU
_bELAR
_2rusmarc
852 _aNLR
_j65-5/3614
942 _cBOOK
980 _aNB